Every 100,000+ city in India: Tamil Nadu - Statistics

General Stats
  • This quiz has been taken 28 times
  • The average score is 23 of 55
Answer Stats
Letter Population City % Correct
C 12,656,143 Chennai
100%
C 3,307,048 Coimbatore
92%
E 883,475 Erode
92%
M 2,124,093 Madurai
92%
S 1,237,877 Salem
83%
T 1,307,455 Tiruchirappalli
83%
T 664,392 Tirunelveli
75%
V 750,491 Vellore
75%
K 416,201 Karur
63%
O 114,504 Ooty
63%
T 1,108,311 Tiruppur
63%
K 382,736 Krishnagiri
58%
T 721,428 Thoothukudi
58%
D 524,264 Dindigul
54%
N 487,385 Nagercoil
54%
T 603,494 Thanjavur
54%
C 410,027 Cuddalore
50%
H 704,460 Hosur
50%
N 152,117 Namakkal
50%
T 256,009 Theni
50%
K 290,126 Kanchipuram
46%
N 127,949 Nagapattinam
46%
D 318,050 Dharmapuri
42%
K 425,165 Karaikudi
42%
P 119,967 Palani
42%
P 221,095 Pollachi
42%
P 344,007 Pudukkottai
42%
S 230,995 Sivakasi
42%
C 148,516 Chengalpattu
38%
T 112,059 Tenkasi
38%
A 104,523 Arakkonam
33%
R 130,910 Ramanathapuram
33%
T 120,566 Tiruvallur
33%
T 307,045 Tiruvannamalai
33%
A 117,309 Ambur
29%
K 209,677 Kumbakonam
29%
V 182,604 Viluppuram
29%
V 191,023 Virudhunagar
29%
A 810,349 Avadi
25%
C 110,805 Chidambaram
25%
K 105,715 Kallakurichi
21%
K 132,900 Kovilpatti
21%
M 124,826 Mayiladuthurai
21%
M 155,084 Mettupalayam
21%
R 162,563 Rajapalayam
21%
U 144,167 Udumalaipettai
21%
V 123,110 Vaniyambadi
21%
G 194,413 Gudiyatham
17%
A 329,972 Arcot
13%
T 109,012 Tiruchengode
8%
V 102,661 Virudhachalam
8%
A 138,451 Aruppukkottai
4%
P 101,255 Pattukkottai
4%
T 107,730 Tirupathur
4%
V 121,445 Vickramasingapuram
4%
No matching quizzes found
Score Distribution
Percent of People with Each Score
Percentile by Number Answered
Your Score History
You have not taken this quiz